000 00967nam a2200277Ia 4500
003 OSt
005 20260417173200.0
006 a|||||r|||| 00| 0
007 ta
008 220926b |||||||| |||| 00| 0 eng d
024 _a85100
037 _cTheses
040 _aCRL
_cCRL
_beng
041 _2eng
_aeng
100 _aAilian Bai
_9538034
110 _aUniversity of Delhi. Faculty of Arts. Department of Buddhist Studies
245 0 _aStudy of music, dance and drama in Chinese buddhism with special reference to Tang dynasty (618-907 A.D.)
260 _aDelhi
_bUniversity of Delhi India
_c2005
300 _a363p.
_ap.
_ccm.
650 _aBUDDHISM
700 _a Dr. Radha Banerjee Gu.
_9538035
700 _a Prof. Sushma Kulshreshtha Gu.
_9536700
700 _aUniversity of Delhi. Faculty of Arts. Department of Buddhist Studies
942 _cTH
_2CC
999 _c869274
_d869274